Представление документа в формате MARC21

Поле Инд. ПП Название Значение
Тип записи a
Библиографический уровень m
001 Контрольный номер RU/IS/BASE/348936817
005 Дата корректировки 20220708110955.4
040 b Код языка каталог. rus
041 0_ a Код языка текста rus
080 a Индекс УДК 004.42
084 a Индекс другой классификации/Индекс ББК 32.973.202-018.2
090 a Полочн. индекс 681.3
c Каталожный индекс 681.3.06
x Авторский знак М67
097 b Оператор 11
100 1_ a Автор Митрофанов В. В.
245 10 a Заглавие Программы обслуживания ОС ЕС ЭВМ
260 a Место издания М.
b Издательство Статистика
c Дата издания 1977
300 a Объем 136 с.
510 a Примечание о ссылках Книги и методические пособия
650 a Основная рубрика 50.41 Программное обеспечение вычислительных машин, комплексов и сетей
x Основная подрубрика 50.41.17 Системное программное обеспечение
653 a Ключевые слова программы (выч. техника); ЕС ЭВМ; вычислительные системы; операционные системы
700 1_ a Другие авторы Одинцов Б. В.
901 t Тип документа m